| 000 | 00633nam a2200253Ia 4500 | ||
|---|---|---|---|
| 008 | 160803s9999 xx 000 0 und d | ||
| 020 | _a9780670059928 | ||
| 100 | _aKline, Suzy | ||
| 245 | _aHorrible Harry and the Goog / | ||
| 245 | _cby Suzy Kline ; pictures by Frank Remkiewicz. | ||
| 260 | _aNew York : | ||
| 260 | _bScholastic Inc. | ||
| 260 | _c2005 | ||
| 300 | _a56 pages : | ||
| 300 | _billustrations ; | ||
| 300 | _c22 cm | ||
| 650 | _aCats -- | ||
| 650 | _aLost and found possessions -- | ||
| 650 | _aSchools -- | ||
| 650 | _xFiction. | ||
| 650 | _xFiction. | ||
| 650 | _xFiction. | ||
| 700 | _a510 | ||
| 999 |
_c299571 _d299571 |
||